书目信息 |
| 题名: |
教育活动的社会学分析
|
|
| 作者: | 谢维和 著 | |
| 分册: | ||
| 出版信息: | 北京 教育科学出版社 2000.04 |
|
| 页数: | 362页 | |
| 开本: | 16开 | |
| 丛书名: | ||
| 单 册: | ||
| 中图分类: | G40-52 | |
| 科图分类: | ||
| 主题词: | 教育活动--教育社会学--研究 | |
| 电子资源: | ||
| ISBN: | 7-5041-1810-9 | |
| 000 | 00713nam0 2200205 45 | |
| 001 | 0205131616 | |
| 005 | 20031219104055.5 | |
| 010 | @a7-5041-1810-9@dCNY38.00 | |
| 100 | @a20020513d2000 km y0chiy0120 ea | |
| 101 | 0 | @achi |
| 105 | @a z 000yy | |
| 200 | 1 | @a教育活动的社会学分析@AJiao Yu Huo Dong De She Hui Xue Fen Xi@e一种教育社会学的研究@EYi Zhong Jiao Yu She Hui Xue De Yan Jiu@f谢维和著@FXie Wei He Zhu |
| 210 | @a北京@c教育科学出版社@d2000.04 | |
| 215 | @a362页@d16开 | |
| 517 | @a一种教育社会学的研究@AYi Zhong Jiao Yu She Hui Xue De Yan Jiu | |
| 606 | 0 | @a教育活动@x教育社会学@x研究 |
| 690 | @aG40-52@v4 | |
| 701 | @a谢维和@4著 | |
| 801 | @aCN@bTSTC@c20020513 | |
| 905 | @b309968-972@dG40-52@e224@f5 | |
| 教育活动的社会学分析:一种教育社会学的研究/谢维和著.-北京:教育科学出版社,2000.04 |
| 362页;16开 |
| ISBN 7-5041-1810-9:CNY38.00 |
| ● |
| 相关链接 |
|
|
|
|
正题名:教育活动的社会学分析
索取号:G40-52/224
 
预约/预借
| 序号 | 登录号 | 条形码 | 馆藏地/架位号 | 状态 | 备注 |
| 1 | 0309968 | 203099681 | 第四借阅区/ [索取号:G40-52/224] | 在馆 | |
| 2 | 0309969 | 203099690 | 第四借阅区/ [索取号:G40-52/224] | 在馆 | |
| 3 | 0309970 | 203099707 | 第四借阅区/ [索取号:G40-52/224] | 在馆 | |
| 4 | 0309971 | 203099716 | 第四借阅区/ [索取号:G40-52/224] | 在馆 | |
| 5 | 0309972 | 203099725 | 第一样本阅览室/ [索取号:G40-52/224] | 在馆 |